000 00454nam a22001457a 4500
020 _a9789693528251
040 _cNUST
082 _a297.63 BEL
100 _aBela, Abdaal
_988509
110 _aAbdaal Bela
_989494
245 _aAaqa Muhammad (Peace be Upon him) Sallallaho Alaihiwasallam:Seerat-e-Pak
260 _aLAHORE:
_bSang E Meel Publications,
_c2019.
650 _aIslam-Biograohy- Prophet Muhammad Peace be Upon him
_989499
942 _2ddc
_cBK
999 _c587650
_d587650